| 000 -LEADER |
| fixed length control field |
00584cam a2200169I 4500 |
| 040 ## - CATALOGING SOURCE |
| Transcribing agency |
ALK |
| 082 ## - DEWEY DECIMAL CLASSIFICATION NUMBER |
| Classification number |
822 GAR 1936 A111 Or. |
| 100 1# - MAIN ENTRY--AUTHOR NAME |
| Personal name |
Shakespeare, William, |
| 245 14 - TITLE STATEMENT |
| Title |
The complete works of William Shakespeare : |
| Remainder of title |
the Cambridge edition text, as edited by William Aldis Wright, including the Temple notes; |
| 260 ## - PUBLICATION, DISTRIBUTION, ETC. (IMPRINT) |
| Place of publication |
Garden City, N.Y., |
| Name of publisher |
Garden City Publishing Company, |
| Year of publication |
c1936 |
| 300 ## - PHYSICAL DESCRIPTION |
| Number of Pages |
xviii, 1527 p. |
| Other physical details |
illus. |
| Dimensions |
26 cm |
| 500 ## - GENERAL NOTE |
| General note |
Includes indexes |
| 700 1# - ADDED ENTRY--PERSONAL NAME |
| Personal name |
Wright, William Aldis, |
| 700 1# - ADDED ENTRY--PERSONAL NAME |
| Personal name |
Kent, Rockwell, |
| 700 1# - ADDED ENTRY--PERSONAL NAME |
| Personal name |
Morley, Christopher, |
| 942 ## - ADDED ENTRY ELEMENTS (KOHA) |
| Koha item type |
សៀវភៅភាសាអង់គ្លេស |
| 952 ## - LOCATION AND ITEM INFORMATION (KOHA) |
| Withdrawn status [LOCAL, KOHA] |
0 |